000 01159nam a2200253 a 4500
003 DO-SdBNP
005 20220913142019.0
007 ta
008 220830e20152022|||aaobgrz||| 001 0 spa d
040 _aDO-SdBNP
_bspa
_cBNPHU
082 4 _222
_bR426c
_axxx
110 1 _922040
_aRepública Dominicana.
_bContraloria General de la República
245 1 0 _aCarta compromiso al ciudadano /
_cRafael Antonio Germosén Andújar contralor general
260 _aSanto Domingo . /
_bContraloría General de la República Dominicana,
_c2015
300 _a39 p. :
_bil., fotogr.,
_c21 cm.
505 _t1. Información de carácter general y legal.--
_t2. Compromisos de calidad ofrecidos.--
_t3. Quejas, sugerencias y medidas de subsanación.--
_t4. Información complementaria.--
590 _aInventariado 2022 / DG
600 _aContraloria General de la República Dominicana
_tCarta de Compromiso al Ciudadano
_982290
650 4 _980902
_aServicios públicos
_zRepública Dominicana
700 1 _978449
_aGermosén Andújar, Rafael Antonio
_eContralor General
710 _aContraloría General de la República Dominicana
_982358
910 _aDG
942 _2ddc
_cLF2
999 _c52384
_d52384